000 00274nam a22001217a 4500
008 170628b xxu||||| |||| 00| 0 eng d
041 _aeng
080 _a821
100 _a21
101 _aGJL
245 _aVICTORIAN AND LATER ENGLISH POETS
_cSTEPHENS, J
942 _2udc
_cBK
999 _c19335
_d19335